000 00296nam a22001337a 4500
008 180314b xxu||||| |||| 00| 0 eng d
020 _a9780071633260
041 _aeng
080 _a330.322
100 _a62
101 _aINV
245 _aBuilding a profession
_cSullvan,R.N
942 _2udc
_cBK
999 _c44990
_d44990